000 00453cam a2200193ua 4500
001 5887
005 20260515113941.0
008 131026n ii |||gr||||Z||||||eng
040 _cMAIN
082 _a954
100 _aMahajan, V.D,
_eAuthor.
245 _aIndia Since 1526
_cby V.D Mahajan
250 _b16th ed.
260 _aDelhi:
_bS.Chand &,
_c1986.
300 _a370p.
653 _aSouth Asia India
653 _aIndia Since 1526
942 _cBK
999 _c5036
_d5036